Študijný program 1999/2000 Fakulta politických vied a medzinárodných vzťahov Univerzity Mateja Bela

Bibliographic Details
Corporate Author: Univerzita Mateja Bela v Banskej Bystrici. Fakulta politických vied a medzinárodných vzťahov (Author)
Format: Book
Language:Slovak
PhysicalDescription:66 s. fotogr., zoz. tab. 21 cm
Published: Banská Bystrica Univerzita Mateja Bela [1999]
ISBN:808055255X
Subjects:

MARC

LEADER 00000nam a2200000 a 4500
001 vtls001416299
003 SK-MaSNL
005 20260301072159.0
008 160415c1999 xo ag y 0 slo
015 |a SNBE2002/01-00331 
020 |a 808055255X 
035 |a SNK000371051 
040 |a SNK  |b slo  |c SNK  |e AACR2 
041 0 |a slo 
044 |a xo  |c SK 
080 |a 378.4.096:32(073)"1999/2000"  |2 1981 
080 |a 32  |2 1981 
110 2 |a Univerzita Mateja Bela v Banskej Bystrici.  |b Fakulta politických vied a medzinárodných vzťahov  |4 aut  |9 124598 
245 1 0 |a Študijný program 1999/2000  |b Fakulta politických vied a medzinárodných vzťahov Univerzity Mateja Bela 
260 |a Banská Bystrica  |b Univerzita Mateja Bela  |c [1999] 
300 |a 66 s.  |b fotogr., zoz. tab.  |c 21 cm 
500 |a 400 výt. 
610 2 7 |a Univerzita Mateja Bela v Banskej Bystrici.  |b Fakulta politických vied a medzinárodných vzťahov  |2 SNK  |9 124598 
650 0 7 |a študijné programy  |2 SNK  |9 75147 
651 7 |a Banská Bystrica (Slovensko)  |2 SNK  |9 22015 
655 7 |a informačné publikácie  |2 SNK  |9 70181 
919 |a 80-8055-255-X 
958 |a TL 
999 |c 640255  |d 642185 
952 |t P60, <06>, [BOOK], {606}  |a SNK  |b SNK  |y PREZ  |7 0  |p 17A0307119  |o snkČSD 915/CH.1999/2000  |i snkKSP 8026/2001  |0 0  |1 0  |4 0  |d 2001-07-04  |l 0  |r 2005-01-02 00:00:00  |w 2026-02-23 
952 |t P60, <06>, [BOOK], {606}  |a SNK  |b SNK  |y PREZ  |7 0  |p 17A0307120  |o snkČSD 915/CH.1999/2000 D1  |i snkKSP 8027/2001  |0 0  |1 0  |4 0  |d 2001-07-04  |l 0  |r 2005-01-02 00:00:00  |w 2026-02-23